| 000 | 00893nam a2200301 i 4500 | ||
|---|---|---|---|
| 001 | 15618 | ||
| 003 | ES-MaACL | ||
| 005 | 20240501063022.0 | ||
| 007 | t| | ||
| 008 | 000406s1999 sp ||||0| spa d | ||
| 016 | 7 | _zCEN920056321 | |
| 020 | _a84-264-2982-3 | ||
| 040 |
_aCEN _bspa _cCEN |
||
| 080 | _a840-94"19" | ||
| 080 | _a929 Wilde, Oscar | ||
| 100 | 1 |
_aGide, André, _d1869-1951 _956674 |
|
| 245 | 1 | 0 |
_aOscar Wilde / _cAndré Gide ; [traducción, Enrique Ortenbach]. |
| 250 | _a1ª ed. en Pocas palabras. | ||
| 260 |
_aBarcelona : _bLumen, _c1999. |
||
| 300 |
_a122 p. : _bil. ; _c23 cm. |
||
| 490 | 1 |
_aPocas palabras ; _v20 |
|
| 600 | 1 | 4 |
_aWilde, Oscar- _xBiografías. _9116825 |
| 700 | 1 |
_aOrtenbach, Enrique. _987517 |
|
| 830 | 0 |
_aPocas palabras ; _v20 _9179802 |
|
| 852 |
_aES-MaACL _jL-22688 _bR.128054 |
||
| 999 |
_c15618 _d15618 |
||